New year brings comprehensive no-confidence vote in UK property (Record no. 83709)
[ view plain ]
| 000 -LEADER | |
|---|---|
| fixed length control field | 00830cab a22001935a 4500 |
| 001 - CONTROL NUMBER | |
| control field | L154703 |
| 008 - FIXED-LENGTH DATA ELEMENTS--GENERAL INFORMATION | |
| fixed length control field | 120116e20120106xxk 000 0 eng d |
| 035 ## - SYSTEM CONTROL NUMBER | |
| System control number | (Sirsi) u154703 |
| 041 0# - LANGUAGE CODE | |
| Language code of text/sound track or separate title | eng |
| 100 1# - MAIN ENTRY--PERSONAL NAME | |
| Personal name | Phillips, Mike |
| 245 00 - TITLE STATEMENT | |
| Title | New year brings comprehensive no-confidence vote in UK property |
| 260 ## - PUBLICATION, DISTRIBUTION, ETC. | |
| Date of publication, distribution, etc. | 2012 |
| 490 #0 - SERIES STATEMENT | |
| Series statement | Property Week |
| Volume/sequential designation | 78(01) 6 January 2012, 18-19(2) |
| 520 ## - SUMMARY, ETC. | |
| Summary, etc. | The latest Lloyd's Bank Corporate Markets commercial property confidence monitor shows that confidence has waned across the board. People are less willing to invest than three months previously and even London prospects have dampened. Businesses large and small are affected by the Eurozone debt crisis and by austerity cuts. |
| 590 ## - LOCAL NOTE (RLIN) | |
| Local note | KA |
| 651 #4 - SUBJECT ADDED ENTRY--GEOGRAPHIC NAME | |
| Geographic name | United Kingdom |
| Chronological subdivision | |
| 690 ## - LOCAL SUBJECT ADDED ENTRY--TOPICAL TERM (OCLC, RLIN) | |
| Topical term or geographic name as entry element | Commercial property |
| 9 (RLIN) | 6227 |
| 942 ## - ADDED ENTRY ELEMENTS (KOHA) | |
| Suppress in OPAC | 0 |
| Withdrawn status | Lost status | Source of classification or shelving scheme | Damaged status | Not for loan | Home library | Current library | Shelving location | Date acquired | Total Checkouts | Full call number | Barcode | Date last seen | Copy number | Price effective from | Koha item type |
|---|---|---|---|---|---|---|---|---|---|---|---|---|---|---|---|
| Dewey Decimal Classification | London | London | Journal article | 15/01/2012 | L154703 | 154703-1001 | 06/08/2019 | 1 | 06/08/2019 | Journal article |